| Поле | Инд. | ПП | Название | Значение |
|---|---|---|---|---|
| Тип записи | a | |||
| Библиографический уровень | m | |||
| 001 | Контрольный номер | 1b05e1e7593b4ed28ba0ed56343a08a5 | ||
| 005 | Дата корректировки | 20251030102858.4 | ||
| 020 | a | ISBN | 978-5-378-35440-5 | |
| c | Цена, тираж | 496-00 | ||
| 084 | a | Индекс другой классификации/Индекс ББК | 84(2=411.2)6 | |
| 090 | a | Полочн. индекс | 84(2=411.2)6 | |
| c | Каталожный индекс | 84(2=411.2)6 | ||
| x | Авторский знак | А 15 | ||
| 091 | i | Возрастная адресация (DOS) | 6+ | |
| 097 | b | Оператор | Кондратьева | |
| 100 | 1_ | a | Автор | Абишова З. |
| q | Полное имя | Абишова Зульфия | ||
| 245 | 10 | a | Заглавие | Чёрные нити, или Тайна подземного перехода |
| b | Продолж. заглавия | [6+] | ||
| c | Ответственность | художник Е. Литвинова | ||
| 260 | a | Место издания | Ростов-на-Дону | |
| b | Издательство | Проф-Пресс | ||
| c | Дата издания | 2025 | ||
| 300 | a | Объем | 144 с. | |
| b | Иллюстрации/ тип воспроизводства | ил. | ||
| 440 | _0 | a | Серия | Мистический детский детектив |
| 900 | a | Имя макрообъекта | о15717831 | |
| 901 | t | Тип документа | m |